Leepike Ridge / (Record no. 2727)

MARC details
000 -LEADER
fixed length control field 01187cam a2200325 a 4500
005 - DATE AND TIME OF LATEST TRANSACTION
control field 20240116082954.0
020 ## - INTERNATIONAL STANDARD BOOK NUMBER
International Standard Book Number 9780375838736 (trade)
020 ## - INTERNATIONAL STANDARD BOOK NUMBER
International Standard Book Number 9780375938733 (lib. bdg.)
020 ## - INTERNATIONAL STANDARD BOOK NUMBER
International Standard Book Number 9780375838743 (pbk.)
040 ## - CATALOGING SOURCE
Original cataloging agency DLC
Transcribing agency DLC
Modifying agency DLC
Language of cataloging eng
050 00 - LIBRARY OF CONGRESS CALL NUMBER
Classification number PZ7.W69744
Item number Lee 2007
082 00 - DEWEY DECIMAL CLASSIFICATION NUMBER
Classification number 813.6
Edition number 22
100 1# - MAIN ENTRY--PERSONAL NAME
Personal name Wilson, Nathan D.
245 10 - TITLE STATEMENT
Title Leepike Ridge /
Statement of responsibility, etc. N.D. Wilson
250 ## - EDITION STATEMENT
Edition statement First Scholastic printing, March 2009
260 ## - PUBLICATION, DISTRIBUTION, ETC.
Place of publication, distribution, etc. New York :
Name of publisher, distributor, etc. Scholastic,
Date of publication, distribution, etc. 2007
300 ## - PHYSICAL DESCRIPTION
Extent 224 pages :
Other physical details illustrations ;
Dimensions 20 cm
505 ## - FORMATTED CONTENTS NOTE
Formatted contents note M
520 ## - SUMMARY, ETC.
Summary, etc. While his widowed mother continues to search for him, eleven-year-old Tom, presumed dead after drifting away down a river, finds himself trapped in a series of underground caves with another survivor and a dog, and pursued by murderous treasure-hunters.
521 ## - TARGET AUDIENCE NOTE
Target audience note 780
Source Lexile
521 ## - TARGET AUDIENCE NOTE
Target audience note M
Source Raz-Plus
650 #1 - SUBJECT ADDED ENTRY--TOPICAL TERM
Topical term or geographic name entry element Missing persons
Form subdivision Fiction.
650 #1 - SUBJECT ADDED ENTRY--TOPICAL TERM
Topical term or geographic name entry element Caves
Form subdivision Fiction.
650 #1 - SUBJECT ADDED ENTRY--TOPICAL TERM
Topical term or geographic name entry element Adventure and adventurers
Form subdivision Fiction.
650 #1 - SUBJECT ADDED ENTRY--TOPICAL TERM
Topical term or geographic name entry element Mothers and sons
Form subdivision Fiction.
650 #1 - SUBJECT ADDED ENTRY--TOPICAL TERM
Topical term or geographic name entry element Buried treasure
Form subdivision Fiction.
906 ## - LOCAL DATA ELEMENT F, LDF (RLIN)
a 7
b cbc
c orignew
d 1
e ecip
f 20
g y-gencatlg
942 ## - ADDED ENTRY ELEMENTS (KOHA)
Source of classification or shelving scheme Dewey Decimal Classification
Koha item type Books
Suppress in OPAC No
999 ## -
-- 2727
-- 2727
Holdings
Withdrawn status Lost status Source of classification or shelving scheme Damaged status Not for loan Collection Home library Current library Shelving location Date acquired Total Checkouts Full call number Barcode Date last seen Date last checked out Copy number Price effective from Koha item type
    Dewey Decimal Classification     Juvenile Fiction Footprints International School Library Network Toul Kork Campus Footprints International School Library Network Toul Kork Campus   01/11/2024 1 WIL 813.6 PZ7.W69744 FISSE00509 04/10/2025 01/12/2024 1 01/11/2024 Books
    Dewey Decimal Classification     Juvenile Fiction Footprints International School Library Network Toul Kork Campus Footprints International School Library Network Toul Kork Campus   01/16/2024   WIL 813.6 PZ7.W69744 FIS00693 04/23/2025   2 01/11/2024 Books